000 00524nam a2200181 i 4500
001 149545
003 ES-MaACL
005 20240502063046.0
007 t|
008 071023s1970 sp ||||1| spa d
100 0 _aVázquez Montalbán, Manuel,
_d1939-
_9113463
245 1 0 _aManifiesto subnormal /
_cM. Vázquez Montalbán.
250 _a1ª ed.
260 _aBarcelona :
_bKairós,
_c1970.
300 _a158 p., 13 h. de lám. ;
_c16 cm.
852 _aES-MaACL
_jC-53600
_bR.72460
999 _c149545
_d149545